000 00491 a2200157 4500
003 OSt
005 20231108135130.0
008 231108b |||||||| |||| 00| 0 eng d
040 _coclc
082 _a297
_bSUL/A
100 _aSullami, Muhamed Saleem
_95721
245 _aAbhiprayabhinnathakal:
_bKaranangalum sameepanangalum /
_cShaikh Muhammed Swalih al Usaimeen
260 _aKerala:
_bYuvatha,
_c2001.
300 _a31p
942 _2ddc
_cBK
_h297
_iSUL/A
_k297
_mSUL/A
999 _c42965
_d42965